000 00400nam a2200133Ia 4500
008 231129s9999||||xx |||||||||||||| ||spa||
020 _a958-639-207-4
040 _bspa
082 _a320.011 B388t
100 _aBeccassino Angel
245 0 _aEl triunfo de Lucho Garzón y Pablo Ardila o el fracaso de las maquinarias
264 _aGrijalbo
942 _2ddc
_cBKS
999 _c12590
_d12590